| Tag |
First Indicator |
Second Indicator |
Subfields |
| LEADER |
00000cam a2200000 a 4500 |
| 001 |
in00000085827 |
| 005 |
20151008053311.0 |
| 008 |
810413s1981 enka b 00110 eng |
| 010 |
|
|
|a 81066331
|
| 020 |
|
|
|a 0389202118 (Barnes)
|
| 035 |
|
|
|a (OCoLC)07461684
|
| 035 |
|
|
|9 AAH6976AM
|
| 039 |
0 |
|
|a 2
|b 3
|c 3
|d 3
|e 3
|
| 040 |
|
|
|a DLC
|c DLC
|d OCL
|d TXA
|d UtOrBLW
|
| 049 |
|
|
|a TXAM
|c [952030]
|
| 050 |
0 |
0 |
|a HC59.7
|b L3218 1981
|
| 082 |
0 |
|
|a 330.9172/4
|2 19
|
| 100 |
1 |
|
|a Latham, A. J. H.
|
| 245 |
1 |
4 |
|a The depression and the developing world, 1914-1939 /
|c A.J.H. Latham.
|
| 264 |
|
1 |
|a London :
|b Croom Helm ;
|a Totowa, N.J. :
|b Barnes Books,
|c 1981.
|
| 300 |
|
|
|a 230 pages :
|b illustrations ;
|c 23 cm.
|
| 336 |
|
|
|a text
|b txt
|2 rdacontent
|
| 337 |
|
|
|a unmediated
|b n
|2 rdamedia
|
| 338 |
|
|
|a volume
|b nc
|2 rdacarrier
|
| 500 |
|
|
|a Continues: The international economy and the undeveloped world, 1865-1914.
|
| 500 |
|
|
|a Includes index.
|
| 504 |
|
|
|a Bibliography: pages 205-216.
|
| 651 |
|
0 |
|a Developing countries.
|
| 650 |
|
0 |
|a Depressions
|x History
|y 20th century.
|
| 650 |
|
0 |
|a International economic relations.
|
| 999 |
|
|
|a MARS
|
| 999 |
f |
f |
|s 1fa66a1f-5a91-3bcb-8243-ddc21fd86f46
|i 32e9b5a3-b53c-337d-8552-9977da4a7bc2
|t 0
|
| 952 |
f |
f |
|p ric
|a Texas A&M University
|b Rellis Campus
|c Joint Library Facility
|d Remote Storage
|t 0
|e HC59.7 L3218 1981
|h Library of Congress classification
|i unmediated -- volume
|m A14805949002
|
| 998 |
f |
f |
|a HC59.7 L3218 1981
|t 0
|l Remote Storage
|